000 00480nam a2200205Ia 4500
003 0100
008 130303s9999 xx 000 0 und d
020 _a0716712369
040 _cARRUPELIB
050 _aBF311.P523P48 1981
100 _aPhillips, Jr. John L
245 _aPiaget's theory: a primer
260 _aSan Francisco
260 _bW.H. Freeman & Company
260 _C1981
300 _axiii
300 _b 192p. 22cm.
650 _aPSYCHOLOGY
942 0 0 _01
999 _c25871
_d25871